| 000 | 01319nam a2200313 i 4500 | ||
|---|---|---|---|
| 003 | EG-ScBUE | ||
| 005 | 20230911110511.0 | ||
| 008 | 110918s1986 u a f b 000 0 ara d | ||
| 017 | _a1986 / 1836 | ||
| 020 | _a9770108871 | ||
| 040 |
_aEG-ScBUE _bara _erda _cEG-ScBUE _dEG-ScBUE |
||
| 041 | 1 |
_aara _heng |
|
| 082 | 0 | 4 |
_222 _a901.9 _bو ل ي |
| 100 | 1 |
_927228 _aويليامز، رايموند، _d1921-1988، _eمؤلف. |
|
| 245 | 1 | 2 |
_aالثقافة و المجتمع 1780-1950 / _cتأليف رايموند وليامز ؛ ترجمة وجيه سمعان ؛ مراجعة محمد فتحي. |
| 264 | 1 |
_aالقاهرة : _bالهيئة المصرية العامة للكتاب، _c1986. |
|
| 300 |
_a393 صفحة ؛ _c24 سم. |
||
| 336 |
_2rdacontent _aنص _btxt |
||
| 337 |
_2rdamedia _aبدون وسيط _bn |
||
| 338 |
_2rdacarrier _aمجلد _bnc |
||
| 490 |
_aالألف كتاب الثاني ؛ _v5 |
||
| 504 | _aيشتمل على إرجاعات ببليوجرافية. | ||
| 546 | _aالنص باللغة العربية وتم ترجمته من اللغة الإنجليزية. | ||
| 650 | 7 |
_927232 _aالثقافة _yتاريخ. _2BUEsh |
|
| 655 | _vReading book | ||
| 700 | 1 |
_927230 _aسمعان، وجيه، _eمترجم. |
|
| 700 | 1 |
_927231 _aفتحي، محمد، _eمراجع. |
|
| 942 |
_2ddc _cBB |
||
| 999 |
_c16048 _d16048 |
||